Central Library OPAC University of Rajshahi

An introduction to mathematical statistics / (Record no. 51577)

MARC details
000 -LEADER
fixed length control field 00853nam a2200301 i 4500
001 - CONTROL NUMBER
control field 51577
003 - CONTROL NUMBER IDENTIFIER
rucl marc code BD-RJUL
005 - DATE AND TIME OF LATEST TRANSACTION
control field 20211209075701.0
008 - FIXED-LENGTH DATA ELEMENTS--GENERAL INFORMATION
fixed length control field 160831s1975 maua b 001 0 eng
020 ## - INTERNATIONAL STANDARD BOOK NUMBER
International Standard Book Number 0536008302
035 ## - SYSTEM CONTROL NUMBER
System control number BD-RJUL 51697
System control number (OCoLC)01339094
System control number GLIS00107658
040 ## - CATALOGING SOURCE
Original cataloging agency DLC
Transcribing agency DLC
Modifying agency MYG
Language of cataloging eng
041 ## - LANGUAGE CODE
Language code of text/sound track or separate title eng
082 ## - DEWEY DECIMAL CLASSIFICATION NUMBER
Edition number 23
Classification number 519.5
Author mark and year BRI 1975
099 ## - LOCAL FREE-TEXT CALL NUMBER (OCLC)
Bangla Class number QA276.B896 1975
100 1# - MAIN ENTRY--PERSONAL NAME
Personal name Brunk, H. D.
9 (RLIN) 154167
245 13 - TITLE STATEMENT
Title An introduction to mathematical statistics /
Statement of responsibility, etc. H. D. Brunk.
250 ## - EDITION STATEMENT
Edition statement 3d ed.
260 ## - PUBLICATION, DISTRIBUTION, ETC. (IMPRINT)
Place of publication, distribution, etc. Lexington, Mass. :
Name of publisher, distributor, etc. Xerox College Pub.,
Date of publication, distribution, etc. [1975]
300 ## - PHYSICAL DESCRIPTION
Pagination xiii, 457, A49 p. :
Illustrations ill. ;
Size 24 cm.
500 ## - GENERAL NOTE
General note Includes index.
504 ## - BIBLIOGRAPHY, ETC. NOTE
Bibliography, etc Bibliography: p. 455-457.
650 #0 - SUBJECT ADDED ENTRY--TOPICAL TERM
Topical term or geographic name as entry element Mathematical statistics.
9 (RLIN) 154168
942 ## - ADDED ENTRY ELEMENTS (KOHA)
Source of classification or shelving scheme Dewey Decimal Classification
Koha item type Books
Holdings
Lost status Source of classification or shelving scheme Damaged status Not for loan Collection code Permanent Location Current Location Shelving location Date acquired Source of acquisition Cost, normal purchase price Total Checkouts Full call number Date last seen Copy number Koha item type
  Dewey Decimal Classification     Non-fiction Central Library, University of Rajshahi Central Library, University of Rajshahi   28/03/1980 Heffers 11.40   519.5 BRI 1975 31/08/2016 C-2 Books
  Dewey Decimal Classification     Non-fiction Central Library, University of Rajshahi Central Library, University of Rajshahi   28/03/1980 Heffers 11.40   519.5 BRI 1975 31/08/2016 C-3 Books